000 00535nam a2200145 a 4500
001 000029971
005 20200930055942.0
008 110428s1971 dr 000 0 spa d
040 _aDO-SdBNP
_bspa
_cBNPHU
110 2 _aRepública Dominicana
_bSecretaría de Estado de Educación, Bellas Artes y Cultos
_bDirección General de Educación Física Escolar
_956702
245 1 0 _aReglamento de balonmano.
260 _aSanto Domingo :
_bDirección General de Educación Física Escolar,
_c1971.
300 _a35 p. ;
_c15 cm.
049 _aBNPD
999 _c29463
_d29463